| 000 | 00819cam a2200193 4500 | ||
|---|---|---|---|
| 001 | WB3805-23 | ||
| 008 | 020206n2002 000 0 eng u | ||
| 035 | _a(Sirsi) u116619 | ||
| 245 | _aBlame culture set to end | ||
| 260 | _c2002 | ||
| 490 |
_aContract Journal _v412(6362) 30 January 2002, 3(1) |
||
| 520 | _aNHS Estates plans to test a new form of 'no blame' partnering, which brings together clients, designers, contractors and suppliers as shareholders in a 'virtual company'. The virtual company is so called because it is set up only for the duration of the project. This scheme has been developed by a Movement for Innovation working group. | ||
| 590 | _aWB | ||
| 650 | _aCOMPANY MANAGEMENT | ||
| 650 | _aPARTNERING | ||
| 650 | _aVIRTUAL COMPANIES | ||
| 690 |
_aPROPERTY MANAGEMENT _96262 |
||
| 942 | _n0 | ||
| 999 |
_c69441 _d69441 |
||